00241nam a2200097Ia 4500008004100000041001200041100001400053245006300067260000600130650000700136221030s9999 xx 000 0 und d aEnglish aE. Turban 0aDecision Support System & Intelligent Systemcby E. Turban c0 aMb